00792 2200277 4500001002100000005001500021035002000036007000300056008004100059020002200100040002200122082001600144084001800160090001800178100003000196245005400226250003000280300003700310650001700347850001200364264004600376336002100422337003000443338002300473990001800496INLIS00000000085644120200720111220 a0010-0720000654ta200720b2013 xx a g y 0 ind d a978-983-3372-34-8 aYOPDYOGbinderda04223a641.392 a641.392 HAN s a641.392 HAN s0 aHanieliza,cChefepenulis10aSenangnya memasak ikan /cpenulis, Chef Hanieliza aCetakan kelimabelas, 2013 a48 halaman :bilustrasi ;c22 cm 4aMasakan Laut aYOPDYOG31aSelangor :bPTS Millennia SDN. BHD,c2013 2rdacontentateks 2rdamediaatanpa perantara 2rdacarrieravolume a54692-PD/A.17